000 00370nam a2200169Ia 4500
003 0100
008 130303s9999 xx 000 0 und d
040 _cARRUPELIB
050 _aQA805.G6 1959
100 _aGoldstein, Herbert
245 _aClassical mechanics
260 _aReading MA
260 _bAddison-Wesley
260 _C1959
300 _a399p
942 0 0 _01
999 _c47508
_d47508